Sacramento Kings Players by NBA Game Played - Statistics

General Stats
  • This quiz has been taken 25 times
  • The average score is 1031 of 6178
Answer Stats
Player Games % Correct
De'Aaron Fox 514
84%
Domantas Sabonis 257
84%
Oscar Robertson 752
84%
Chris Webber 377
79%
Spud Webb 301
79%
DeMarcus Cousins 470
74%
Jim Fox 102
74%
Ryan Robertson 1
74%
Vlade Divac 454
74%
Al Jackson 2
63%
Bobby Jackson 365
63%
Darnell Jackson 59
63%
Derrick Williams 141
63%
Jason Williams 208
63%
Jim Jackson 63
63%
Josh Jackson 12
63%
Justin Jackson 120
63%
Justin Williams 48
63%
Michael Jackson 89
63%
Mike Williams 16
63%
Mitch Richmond 517
63%
Nate Williams 293
63%
Ray Williams 72
63%
Shelden Williams 58
63%
Terrence Williams 18
63%
Troy Williams 21
63%
Walt Williams 238
63%
Willie Williams 9
63%
DeMar DeRozan 106
58%
Mike Bibby 476
58%
Peja Stojaković 518
58%
Adrian Smith 653
53%
Anthony Johnson 104
53%
Arnie Johnson 332
53%
B.J. Johnson 1
53%
Colby Jones 54
53%
Dahntay Jones 25
53%
Damian Jones 73
53%
Damon Jones 49
53%
Derek Smith 116
53%
Doug Christie 355
53%
Eddie Johnson 483
53%
Isaac Jones 43
53%
Jabari Smith 52
53%
Jake Jones 11
53%
James Johnson 54
53%
Kenny Smith 188
53%
LaBradford Smith 59
53%
Mason Jones 15
53%
Michael Smith 246
53%
Ollie Johnson 192
53%
Orlando Johnson 7
53%
Reggie Johnson 81
53%
Steve Johnson 207
53%
Zach LaVine 55
53%
Andre Miller 30
47%
Bobby Brown 47
47%
Brad Miller 385
47%
Chucky Brown 18
47%
Oliver Miller 4
47%
Quincy Miller 6
47%
Randy Brown 259
47%
Buddy Hield 385
42%
Johnny Green 301
42%
Keegan Murray 247
42%
Mike Green 21
42%
Russell Westbrook 29
42%
Si Green 33
42%
Tiny Archibald 433
42%
Chris Robinson 19
37%
Cliff Robinson 38
37%
Devin Carter 45
37%
Flynn Robinson 149
37%
Glenn Robinson III 23
37%
Justin Robinson 3
37%
Keon Ellis 180
37%
Maurice Evans 65
37%
Nigel Hayes-Davis 5
37%
Orlando Robinson 9
37%
Ralph Davis 73
37%
Red Davis 3
37%
Reggie Evans 71
37%
Terence Davis 122
37%
Thomas Robinson 51
37%
Tyreke Evans 271
37%
Vince Carter 58
37%
Antoine Carr 110
32%
Jo Jo White 13
32%
Royce White 3
32%
Corliss Williamson 466
26%
Doug Lee 22
26%
Freddie Lewis 32
26%
Jack Twyman 823
26%
Jerry Lucas 465
26%
Kevin Huerter 182
26%
Malachi Richardson 47
26%
Malik Monk 238
26%
Maxime Raynaud 21
26%
Tyrese Haliburton 109
26%
Carl Thomas 1
21%
Dennis Schröder 22
21%
Drew Eubanks 25
21%
Harrison Barnes 399
21%
Isaiah Thomas 216
21%
Jason Thompson 541
21%
Kenny Thomas 227
21%
LaSalle Thompson 507
21%
Stephen Thompson 18
21%
Tristan Thompson 30
21%
Brian Taylor 72
16%
Chris Harris 26
16%
Darren Collison 187
16%
Fred Taylor 21
16%
George Hill 43
16%
George King 63
16%
Henry James 8
16%
James Anderson 51
16%
Jermaine Taylor 26
16%
Jerome James 16
16%
Jim King 31
16%
Jonas Valančiūnas 32
16%
Juan Toscano-Anderson 11
16%
Justin James 72
16%
Louis King 16
16%
Maurice Taylor 12
16%
Metta World Peace 167
16%
Mikki Moore 128
16%
Nick Anderson 93
16%
Nique Clifford 25
16%
Otto Moore 65
16%
Rajon Rondo 72
16%
Reggie King 301
16%
Terry Taylor 3
16%
Arnie Risen 463
11%
Ben McLemore 312
11%
Bill Turner 69
11%
Billy Owens 166
11%
Bobby Wanzer 569
11%
Bob Nash 148
11%
Bonzi Wells 52
11%
Brent Price 20
11%
Brian Grant 182
11%
Chuck Hayes 144
11%
Dario Šarić 5
11%
Darrick Martin 102
11%
Doug McDermott 44
11%
George Wilson 98
11%
Gerald Wallace 138
11%
Henry Turner 66
11%
Jabari Parker 9
11%
Jon Barry 167
11%
Kevin Martin 331
11%
Lucius Allen 108
11%
Matt Barnes 97
11%
Med Park 107
11%
Mike Barr 73
11%
Moe Barr 31
11%
Othell Wilson 53
11%
Otis Birdsong 308
11%
Precious Achiuwa 22
11%
Randy Allen 70
11%
Richaun Holmes 192
11%
Ronnie Price 87
11%
Seth Curry 44
11%
Trevor Wilson 67
11%
Trey Lyles 225
11%
Aaron Gray 33
5%
Alex Len 164
5%
Andy Duncan 122
5%
Anthony Peeler 75
5%
Bob Davies 462
5%
Bogdan Bogdanović 209
5%
Brook Steppe 96
5%
Cedric Simmons 7
5%
Chris Duarte 59
5%
Connie Simmons 68
5%
Dave Zeller 61
5%
David Stockton 3
5%
Desmond Mason 5
5%
Devin Gray 3
5%
Erik Daniels 21
5%
Francisco García 462
5%
Franklin Edwards 24
5%
Frank Mason III 90
5%
Garrett Temple 135
5%
Gary Gray 44
5%
Greg Kite 71
5%
Greg Stokes 11
5%
Hedo Türkoğlu 221
5%
Hub Reed 304
5%
Jack Coleman 448
5%
Jack McMahon 247
5%
Jake LaRavia 19
5%
Jared Cunningham 8
5%
Jason Hart 79
5%
JaVale McGee 46
5%
Jeremy Lamb 17
5%
Jimmer Fredette 171
5%
Jimmy Walker 226
5%
Kessler Edwards 76
5%
Leon Wood 12
5%
Lionel Simmons 454
5%
Lloyd Daniels 5
5%
Lloyd Walton 61
5%
Louie Nelson 8
5%
Luc Mbah a Moute 9
5%
Mahmoud Abdul-Rauf 106
5%
Marco Belinelli 68
5%
Marvin Bagley III 148
5%
Maurice Harkless 73
5%
Maurice Stokes 202
5%
Michael Adams 18
5%
Mike McGee 37
5%
Neemias Queta 20
5%
Nik Stauskas 73
5%
Olden Polynice 345
5%
Omri Casspi 306
5%
Otis Thorpe 348
5%
Paul Noel 60
5%
Reggie Theus 346
5%
Robert Woodard II 25
5%
Rudy Gay 223
5%
Sam Lacey 888
5%
Shareef Abdur-Rahim 158
5%
Skal Labissière 110
5%
Tariq Abdul-Wahad 108
5%
Trevor Ariza 32
5%
Ty Lawson 69
5%
Vinny Del Negro 156
5%
Wayman Tisdale 370
5%
Wayne Embry 603
5%
Wayne Stevens 8
5%
Willie Cauley-Stein 295
5%
Zach Randolph 59
5%
Aaron Brooks 46
0%
Ade Murkey 1
0%
Alaa Abdelnaby 51
0%
Alec Burks 13
0%
Alex Hannum 171
0%
Al Masino 11
0%
Al Tucker 28
0%
Andre McCarter 60
0%
Andrés Nocioni 98
0%
Andre Spencer 23
0%
Andrew Levane 36
0%
Anthony Bonner 183
0%
Anthony Frederick 35
0%
Anthony Tolliver 74
0%
Antoine Wright 7
0%
Archie Dees 68
0%
Arron Afflalo 61
0%
Art Heyman 11
0%
Art Long 9
0%
Art Spoelstra 211
0%
Ben Gillery 24
0%
Beno Udrih 296
0%
Bevo Nordmann 58
0%
Bill Calhoun 184
0%
Bill Dinwiddie 136
0%
Bill Robinzine 395
0%
Bill Wennington 84
0%
Billy Knight 91
0%
Billy McKinney 154
0%
Bob Arnzen 55
0%
Bob Bigelow 61
0%
Bob Boozer 269
0%
Bob Burrow 67
0%
Bobby Hurley 242
0%
Bob Cousy 7
0%
Bob Fitzgerald 18
0%
Bob Hansen 38
0%
Bob Love 138
0%
Bob Wiesenhahn 60
0%
Boris Nachamkin 6
0%
Brad Lohaus 29
0%
Brian Skinner 63
0%
Bruce Douglas 8
0%
Bruno Caboclo 10
0%
Bucky Bockhorn 474
0%
Bud Olsen 184
0%
Byron Houston 25
0%
Cal Christensen 200
0%
Caleb Swanigan 10
0%
Calvin Booth 7
0%
Carl Henry 28
0%
Carl Landry 169
0%
Caron Butler 17
0%
Charlie Paulk 68
0%
Chima Moneke 2
0%
Chimezie Metu 162
0%
Chris Silva 4
0%
Clint McDaniel 12
0%
Clyde Lovellette 71
0%
Cole Aldrich 15
0%
Conner Henry 15
0%
Connie Dierking 374
0%
Corey Brewer 29
0%
Cory Joseph 116
0%
Cuttino Mobley 43
0%
Daeqwon Plowden 1
0%
Dane Suttle 46
0%
Danny Ainge 103
0%
Dan Tieman 29
0%
DaQuan Jeffries 31
0%
Darius Songaila 154
0%
Darnell Hillman 78
0%
Darrall Imhoff 43
0%
Darryl Watkins 9
0%
Dave Gambee 19
0%
Dave Piontek 314
0%
Dave Robisch 8
0%
David Cooke 6
0%
David Pope 22
0%
David Wear 2
0%
Davion Mitchell 227
0%
Delon Wright 27
0%
Dennis Hopson 69
0%
Deonte Burton 2
0%
Derek Grimm 9
0%
Derrick Phelps 3
0%
Dewayne Dedmon 34
0%
Dick Duckett 34
0%
Dick Gibbs 66
0%
Dick Ricketts 183
0%
Dominic McGuire 10
0%
Don Buse 141
0%
Don Henriksen 56
0%
Don Kojis 175
0%
Don May 29
0%
Donte DiVincenzo 25
0%
Donté Greene 253
0%
Doug Sims 4
0%
Drew Gooden 1
0%
Duane Causwell 429
0%
Duje Dukan 1
0%
Dwayne Schintzius 33
0%
Dylan Cardwell 6
0%
Eddie House 50
0%
Ed Fleming 122
0%
Ed Mikan 54
0%
Ed Nealy 175
0%
Ed Pinckney 130
0%
Emmanuel Mudiay 2
0%
Eric Leckner 32
0%
Eric Mika 1
0%
Eric Moreland 11
0%
Ernie Grunfeld 240
0%
Eugene Jeter 62
0%
Evers Burns 23
0%
Filip Petrušev 2
0%
Fran Curran 123
0%
Frankie Sanders 23
0%
Frank Reddout 7
0%
Frank Schade 9
0%
Fred Foster 131
0%
Fred Hetzel 31
0%
Georgios Papagiannis 38
0%
Gil McGregor 42
0%
Glenn Hansen 110
0%
Greg Hyder 77
0%
Greg Ostertag 56
0%
Greivis Vásquez 18
0%
Gus Gerard 145
0%
Guy Rodgers 75
0%
Hamady N'Diaye 14
0%
Happy Hairston 260
0%
Harold Pressley 299
0%
Harry Giles 104
0%
Hassan Whiteside 55
0%
Hawkeye Whitney 70
0%
Herm Gilliam 57
0%
Hilton Armstrong 6
0%
Howard Komives 44
0%
Ike Diogu 10
0%
Iman Shumpert 42
0%
Ime Udoka 69
0%
Isaiah Crawford 15
0%
Jack Cooley 7
0%
Jack Parr 66
0%
Jae Crowder 9
0%
Jahmi'us Ramsey 32
0%
JaKarr Sampson 22
0%
Jalen Slawson 12
0%
Jamal Sampson 12
0%
Jawann Oldham 54
0%
Jay Arnette 114
0%
Jeff Grayer 25
0%
Jerry Eaves 3
0%
Jerry Paulson 6
0%
Jim Eakins 82
0%
Jim Les 208
0%
Jim Palmer 87
0%
Jim Paxson 67
0%
Jim Petersen 66
0%
Jim Ware 33
0%
J.J. Hickson 35
0%
Joe Arlauckas 9
0%
Joe Buckhalter 65
0%
Joe Kleine 288
0%
Joe McNamee 84
0%
Joe Meriweather 319
0%
Joey Dorsey 8
0%
John Block 107
0%
John Kuester 78
0%
John Lambert 85
0%
John Mengelt 90
0%
Johnny McCarthy 119
0%
Johnny Rogers 45
0%
John Salmons 353
0%
John Tresvant 81
0%
Jon Brockman 52
0%
Jon McGlocklin 132
0%
Jordan Farmar 2
0%
Jordan Ford 6
0%
Jordan McLaughlin 28
0%
Justin Holiday 25
0%
Justus Thigpen 1
0%
Ken Durrett 93
0%
Kenny Dennard 52
0%
Kenny Natt 4
0%
Kent Bazemore 25
0%
Keon Clark 80
0%
Kevin Gamble 83
0%
Kevin Loder 147
0%
Kevin Ollie 7
0%
Kevin Restani 46
0%
Kevin Salvadori 39
0%
Kosta Koufos 262
0%
Kurt Rambis 67
0%
Kyle Guy 34
0%
KZ Okpala 35
0%
Langston Galloway 19
0%
Larry Drew 376
0%
Larry McNeill 216
0%
Larry Micheaux 39
0%
Larry Staverman 206
0%
Lawrence Funderburke 316
0%
Lee Winfield 22
0%
Len Chappell 64
0%
Len Elmore 58
0%
Len Kosmalski 76
0%
Leon Douglas 147
0%
Les Jepsen 31
0%
Lew Hitch 30
0%
Lionel Malamed 9
0%
Lorenzen Wright 5
0%
Luther Head 36
0%
Luther Rackley 66
0%
Marcus Thornton 196
0%
Markelle Fultz 21
0%
Mark Hendrickson 48
0%
Mark McNamara 33
0%
Mark Olberding 319
0%
Marlon Redmond 73
0%
Martin Nessley 9
0%
Marty Conlon 46
0%
Mateen Cleaves 44
0%
Matt Guokas 187
0%
Matthew Dellavedova 32
0%
Michael Bradley 8
0%
Michael Hawkins 24
0%
Michael Stewart 81
0%
Mike Bratz 33
0%
Mike D'Antoni 128
0%
Mike Farmer 57
0%
Mike Higgins 7
0%
Mike Novak 65
0%
Mike Peplowski 55
0%
Mike Ratliff 60
0%
Mike Woodson 387
0%
Monk Meineke 136
0%
Nemanja Bjelica 175
0%
Norm Swanson 63
0%
Norm Van Lier 173
0%
Norvel Pelle 1
0%
Odie Spears 271
0%
Orien Greene 7
0%
Pat Frink 48
0%
Patrick Patterson 41
0%
Pep Saul 114
0%
Pervis Ellison 34
0%
Pete Chilcutt 174
0%
Pete Cross 3
0%
Peter Aluma 2
0%
Pete Verhoeven 54
0%
Phil Ford 299
0%
Phil Jordon 123
0%
Phil Rollins 107
0%
PJ Dozier 16
0%
Price Brookfield 7
0%
Quincy Acy 115
0%
Quincy Douby 136
0%
Ralph Sampson 51
0%
Ramon Sessions 36
0%
Randy Breuer 26
0%
Randy Wittman 31
0%
Rashad McCants 24
0%
Ray McCallum 113
0%
Ray Ragelis 51
0%
Red Holzman 307
0%
Richard Washington 178
0%
Richie Regan 215
0%
Rich Kelley 37
0%
Rick Adelman 18
0%
Rick Calloway 64
0%
Rick Roberson 74
0%
Ricky Berry 64
0%
Rod Higgins 69
0%
Rodney Buford 22
0%
Rodney McCray 150
0%
Ron Behagen 170
0%
Ron Boone 164
0%
Ron Riley 86
0%
Rory Sparrow 80
0%
Ryan Hollins 46
0%
Sam Ranzino 39
0%
Sam Sibert 5
0%
Samuel Dalembert 80
0%
Šarūnas Marčiulionis 53
0%
Sasha Vezenkov 42
0%
Scot Pollard 272
0%
Scott Wedman 546
0%
Sean May 37
0%
Sedric Toney 32
0%
Sergei Monia 3
0%
Sergio Rodríguez 39
0%
Sid Catlett 9
0%
Sim Bhullar 3
0%
Spencer Hawes 220
0%
Stan Kimbrough 3
0%
Steve Colter 19
0%
Steve Scheffler 4
0%
Ted Manakas 5
0%
Terry Crosby 4
0%
Terry Dehere 81
0%
Terry Tyler 227
0%
Toby Kimball 67
0%
Tom Black 16
0%
Tom Burleson 169
0%
Tom Hawkins 310
0%
Tom Marshall 159
0%
Tom Thacker 153
0%
Tom Van Arsdale 379
0%
Toney Douglas 22
0%
Tony Dawson 4
0%
Tony Delk 46
0%
Tony Massenburg 59
0%
Travis Mays 64
0%
Travis Outlaw 140
0%
Tyler Honeycutt 24
0%
Tyrone Corbin 103
0%
Tyus Edney 150
0%
Vern Hatton 22
0%
Vernon Maxwell 46
0%
Vincent Askew 9
0%
Vitaly Potapenko 12
0%
Wally Anderzunas 44
0%
Walt Wesley 212
0%
Wenyen Gabriel 11
0%
Will Solomon 14
0%
Win Wilfong 134
0%
Yogi Ferrell 121
0%
Zaid Abdul-Aziz 20
0%
No matching quizzes found
Score Distribution
Percent of People with Each Score
Percentile by Number Answered
Your Score History
You have not taken this quiz